<?xml version="1.0" encoding="UTF-8"?>
<collection xmlns:xsi="http://www.w3.org/2001/XMLSchema-instance" xsi:schemaLocation="http://www.loc.gov/MARC21/slim http://www.loc.gov/standards/marcxml/schema/MARC21slim.xsd" xmlns="http://www.loc.gov/MARC21/slim">
 <record>
  <leader>00000nam a22000004a 4500</leader>
  <controlfield tag="001">UP-8027390931312085290</controlfield>
  <controlfield tag="003">Buklod</controlfield>
  <controlfield tag="005">20250818165437.0</controlfield>
  <controlfield tag="006">m    |o  d |      </controlfield>
  <controlfield tag="007">ta</controlfield>
  <controlfield tag="008">250818s2011    ph      rb   |100 0|eng d</controlfield>
  <datafield tag="020" ind1=" " ind2=" ">
   <subfield code="a">978971919074</subfield>
  </datafield>
  <datafield tag="037" ind1=" " ind2=" ">
   <subfield code="a">BC-75861</subfield>
   <subfield code="b">Gift- UP CAL-DAS through Erika Jacinto</subfield>
  </datafield>
  <datafield tag="040" ind1=" " ind2=" ">
   <subfield code="a">University of Michigan Library</subfield>
   <subfield code="d">BAG</subfield>
   <subfield code="e">rda</subfield>
  </datafield>
  <datafield tag="041" ind1="0" ind2=" ">
   <subfield code="a">eng</subfield>
  </datafield>
  <datafield tag="090" ind1=" " ind2="0">
   <subfield code="a">NX 381 A1</subfield>
   <subfield code="b">P45 2010</subfield>
  </datafield>
  <datafield tag="111" ind1="2" ind2=" ">
   <subfield code="a">Philippine Art Studies Conference</subfield>
   <subfield code="n">(2nd </subfield>
   <subfield code="d">2010 </subfield>
   <subfield code="c">National Museum, Manila)</subfield>
  </datafield>
  <datafield tag="245" ind1="1" ind2="0">
   <subfield code="a">Paths of practice  </subfield>
   <subfield code="b">selected papers from the Second Philippine Art Studies Conference.</subfield>
  </datafield>
  <datafield tag="264" ind1=" " ind2="1">
   <subfield code="a">[Manila]</subfield>
   <subfield code="b">Art Studies Foundation, Inc.</subfield>
   <subfield code="c">[2011]</subfield>
  </datafield>
  <datafield tag="300" ind1=" " ind2=" ">
   <subfield code="a">v, 115 pages</subfield>
   <subfield code="b">illustrations (some color)</subfield>
   <subfield code="c">23 cm</subfield>
  </datafield>
  <datafield tag="336" ind1=" " ind2=" ">
   <subfield code="a">text</subfield>
   <subfield code="2">rdacontent</subfield>
  </datafield>
  <datafield tag="337" ind1=" " ind2=" ">
   <subfield code="a">unmediated</subfield>
   <subfield code="2">rdamedia</subfield>
  </datafield>
  <datafield tag="338" ind1=" " ind2=" ">
   <subfield code="a">volume</subfield>
   <subfield code="2">rdacarrier</subfield>
  </datafield>
  <datafield tag="504" ind1=" " ind2=" ">
   <subfield code="a">Includes bibliographical references.</subfield>
  </datafield>
  <datafield tag="505" ind1="0" ind2=" ">
   <subfield code="a">Foreword / Cecilia S. De la Paz -- Introduction: Bago ang lahat : all is new, at the outset / Patrick D. Flores -- Institutional critique and beyond / Judy Freya Sibayan -- [Re]new-ing Philippine art history: New art history, &quot;Not new&quot; art history, &quot;In-between new and not new&quot; art history, Nationality and the globalist subscription / Reuben Ramas Canete -- Finding and telepresencing authenticity in a voice heard from Philippine radio, as represented in the extant film Giliw ko / Jose S. Buenconsejo -- Temporal and spatial displacements : a phenomenological exploration of the works of Marina Cruz-Garcia and Geraldine Javier / Helen Yu-Rivera -- The Invencion of Calabangan, Camarines Sur : dynamics of family, land and power / Juliet R. Bien -- Making tracks : curation as frame and coding / Eileen Legaspi-Ramirez -- Afterword: Key notes: Shifts and turns in art studies, 1959-2010 / Flaudette May V. Datuin.</subfield>
  </datafield>
  <datafield tag="650" ind1=" " ind2="0">
   <subfield code="a">Arts</subfield>
   <subfield code="x">Study and teaching</subfield>
   <subfield code="z">Philippines</subfield>
   <subfield code="v">Congresses.</subfield>
  </datafield>
  <datafield tag="650" ind1=" " ind2="0">
   <subfield code="a">Arts, Philippine</subfield>
   <subfield code="v">Congresses.</subfield>
  </datafield>
  <datafield tag="905" ind1=" " ind2=" ">
   <subfield code="a">FI</subfield>
  </datafield>
  <datafield tag="852" ind1="0" ind2=" ">
   <subfield code="a">UPBAG</subfield>
   <subfield code="b">UPBAG-MAIN</subfield>
   <subfield code="h">NX 381 A1</subfield>
   <subfield code="i">P45 2010</subfield>
  </datafield>
  <datafield tag="942" ind1=" " ind2=" ">
   <subfield code="a">Book</subfield>
  </datafield>
 </record>
</collection>
